EToH Guess the Difficulty for Each Tower #2 - Statistics

General Stats
  • This quiz has been taken 66 times
    45 since last reset
  • The average score is 56 of 76
Answer Stats
Hint Answer % Correct
CoWS (Wacky Strategy) Remorseless
92%
ToUID (Up is Down) Hard
89%
SoUR (Uninstalling Roblox) Hard
89%
CoWN (Weird Nostalgia) Intense
89%
ToIE (Impossible Expectations) Intense
89%
ToBH (Big Hole) Hard
86%
ToFaF (Falling and Failing) Challenging
84%
ToCaS (Cogs and Steam) Difficult
84%
ToV (Versatility) Difficult
84%
ToL (Linonophoboa) Difficult
84%
ToDC:C (Difficulty Chart: Classic) Insane
84%
ToNI (Noticeable Infuriation) Medium
84%
ToSH (Spiralling Heights) Easy
81%
ToTM (Terrible Mondays) Hard
81%
ToTHT (Tee Hee Time) Insane
81%
ToDE (Dangerous Expeditions) Intense
81%
ToTF (Table Flipping) Intense
81%
ToFF (Floral Fury) Intense
81%
ToNGUE (Never Giving Up, Ever) Intense
81%
ToES (Eternal Suffering) (NOT WHAT U INITIALLY THOUGHT-) Remorseless
81%
CoCR (Contrasting Regions) Remorseless
81%
CoSR (Scythe Recognition) Remorseless
81%
ToU (Ultraviolet) Remorseless
81%
ToFL (Feeling Lazy) Challenging
78%
NEaF (Not Even a Flower) Challenging
78%
ToRB (Rushed Building) Difficult
78%
ToDR (Dispersed Rooms) Intense
78%
ToSA (Slanted Anticipation) Medium
78%
ToBaBT (Brutal and Bizarre Torment) Remorseless
78%
CoTE (True Exasperation) Remorseless
78%
ToNED (Never Ending Diziness) Remorseless
78%
ToRT (Raging Tempest) Catastrophic
76%
ToTI (Twisted Inquisition) Challenging
76%
ToCC (Collective Collaborations) Challenging
76%
SoSIS (Sunny Island Shenigans) Difficult
76%
ToXM (X Madness) Difficult
76%
ToBP (Blast Power) Extreme
76%
tpFj (tower pf Fuin jumps) (Just list "idk") idk
76%
tpOT (tower pf Orignl Twrs) (Same applies here "idk") idk
76%
tpEC (tower pf Epc Climbingg) (Yet again, yk what to do...) idk
76%
ToROMW (Rain On My World) Insane
76%
ToEA (Extraordinary Adventures) Intense
76%
ToLM (M) (Luminescent Midnight) Remorseless
76%
ToOTTF (One Two Three Four) Remorseless
76%
SoUB (Underlying Breezes) Intense
73%
ToJE (Journey's End) Terrifying
73%
SoCF (Cliffside Falls) Challenging
70%
SoUC (Upright Cliffs) Challenging
70%
ToVV (Valiant Verges) Challenging
70%
FFAST (Far From A Surprising Tower) Difficult
70%
TIPAT (This Is Probably a Tower) Hard
70%
ToMN (Mach Nine) Intense
70%
ToPL (Power Laws) Remorseless
70%
ToCaV (Complexity and Volatility) Terrifying
70%
ToGM (Growing Madness) Challenging
68%
SoHS (Hallucinatory Spectacles) Challenging
68%
ToCZ (Clandestine Zones) Challenging
68%
SoAU (Abyssal Upturn) Hard
68%
ToTDF (The Despondent Fortress) Intense
68%
ToIT (Interstellar Terrarium) Challenging
65%
ToRL (Resonant Landscapes) Difficult
65%
SoSA (Seeking Asylum) Difficult
65%
ToETU (Expecting the Unexpected) Intense
65%
SoPE (Psycho Eyes) Intense
65%
CoM (M) (Malice) Intense
65%
ToPI (Prismatic instability) Remorseless
65%
ToQ (M) (Quantification) Remorseless
65%
SoSS (Scrumptious Souvenirs) Challenging
62%
SoRT (M) (Rising Temperatures) Challenging
59%
ToHD (M) (Heavy Damage) Challenging
59%
SoBLC (M) (Bad Land Chugs) Challenging
59%
ToRW (M) (Revolving Wack) Difficult
59%
ToJE (M) (Jubilant Excersises) Hard
59%
ToTaS (M) (Taking a Seat) Intense
59%
ToGTI (M) (Gates to Infinity) Intense
59%
ToTFA (M) (The Foreboding Abyss) Remorseless
59%
No matching quizzes found
Score Distribution
Percent of People with Each Score
Percentile by Number Answered
Your Score History
You have not taken this quiz since the last reset